Gua̕ de programas institucionales de apoyo a la mujer rural 2016

Bibliographic Details
Main Author: Ortega Torres, Andrea
Format: eBook
Language:Spanish
Published: Ciudad de Mx̌ico: Cm̀ara de Diputados, 2016
Subjects:
Online Access:Acceso restringido

MARC

LEADER 00000nam a22000007a 4500
005 20180330222229.0
007 cr|||| ||||
008 180330s2016 mx |||||s||||f00||0 spa d
035 |a 21250 
040 |a vLex 
090 |c 7597  |d 7597 
100 1 |a Ortega Torres, Andrea 
245 1 0 |a Gua̕ de programas institucionales de apoyo a la mujer rural 2016  |h [Recurso electrn̤ico] /  |c Andrea Ortega Torres 
256 |a Servicio en ln̕ea 
260 |a Ciudad de Mx̌ico:  |b Cm̀ara de Diputados,  |c 2016 
300 |a 1 recurso electrn̤ico 
506 1 |a Disponible solo en los productos indicados  |d vLex Global  |d vLex Global (Academic Edition, excluding Law Schools)  |d vLex Global (U.S. Academic Edition, Law Schools)  |d vLex Global (U.S. Academic Edition, excluding Law Schools)  |d vLex Global (Academic Edition, Law Schools) 
650 0 4 |a Derecho Civil  |z Mx̌ico 
650 0 4 |a Derecho Constitucional  |z Mx̌ico 
740 0 |a vLex Libros (Servicio en ln̕ea) 
856 4 0 |u http://vlex.com/source/guia-programas-institucionales-apoyo-mujer-rural-2016-21250  |z Acceso restringido 
942 |c BOOK 
999 0 |a Civil Law 
999 0 |a Constitutional Law